Online
Catalog

Cultura pentecostal : (Record no. 16876)

MARC details
000 -CABECERA
campo de control de longitud fija 01106nam a2200217 a 4500
001 - NÚMERO DE CONTROL
campo de control 000017351
005 - FECHA Y HORA DE LA ÚLTIMA TRANSACCIÓN
campo de control 20200929165105.0
008 - DATOS DE LONGITUD FIJA--INFORMACIÓN GENERAL
campo de control de longitud fija 100323s1987 dr r 001 0 spa d
040 ## - FUENTE DE LA CATALOGACIÓN
Centro catalogador/agencia de origen DO-SdBNP
Lengua de catalogación spa
Centro/agencia transcriptor BNPHU
082 ## - NÚMERO DE LA CLASIFICACIÓN DECIMAL DEWEY
Número de clasificación 289.94
Número de documento/Ítem D671c, 1987
100 1# - ENTRADA PRINCIPAL--NOMBRE DE PERSONA
Nombre de persona Domínguez, Roberto
9 (RLIN) 38009
245 10 - MENCIÓN DE TÍTULO
Título Cultura pentecostal :
Resto del título renovación católica carismática /
Mención de responsabilidad, etc. Roberto Domínguez.
250 ## - MENCIÓN DE EDICIÓN
Mención de edición 2ª ed.
260 ## - PUBLICACIÓN, DISTRIBUCIÓN, ETC.
Lugar de publicación, distribución, etc. Santo Domingo :
Nombre del editor, distribuidor, etc. Taller,
Fecha de publicación, distribución, etc. 1987.
300 ## - DESCRIPCIÓN FÍSICA
Extensión 81 p. ;
Dimensiones 20 cm.
505 0# - NOTA DE CONTENIDO CON FORMATO
Título Movimiento Carismático en la Iglesia Católica Romana --
-- La experiencia pentecostal en los Estados Unidos --
-- Reflexiones y teológicas --
-- Algunas reflexiones personales --
-- Parroquia pentecostalista --
-- Apóstoles con señales --
-- Incremento de Milagros --
-- Sanidades sorprendentes --
-- Tendencias ecuménicas --
-- Un poco de historia --
-- Algunas suposiciones --
Información miscelánea Bibliografía --
Título Oraciones y extractos de documentos Concilio Vaticano.
590 ## - NOTA LOCAL (RLIN)
Nota local Inventariado, 2018 /VM
650 #4 - PUNTO DE ACCESO ADICIONAL DE MATERIA--TÉRMINO DE MATERIA
Término de materia o nombre geográfico como elemento de entrada Iglesia pentecostal
9 (RLIN) 1445
650 #4 - PUNTO DE ACCESO ADICIONAL DE MATERIA--TÉRMINO DE MATERIA
Término de materia o nombre geográfico como elemento de entrada Movimiento carismático
9 (RLIN) 666
910 ## - DATOS DE OPCIÓN DEL USUARIO (OCLC)
Datos de opción del usuario Validado. Control de calidad EMS
Holdings
Estado de retiro Estado de pérdida No para préstamo Código de colección Localización permanente Ubicación/localización actual Ubicación en estantería Fecha de adquisición Número de inventario Total de préstamos Signatura topográfica completa Código de barras Fecha visto por última vez Precio válido a partir de Tipo de ítem Koha Número de copia
    Excluido de préstamo Patrimonio Dominicano Patrimonio Dominicano Patrimonio Dominicano Depósito 23.03.2010 LF1   289.94 D671c, 1987 17351-10 25.06.2020 25.06.2020 Libro y Folleto Colección Patrimonio Dominicano  
  Extraviado Excluido de préstamo Patrimonio Dominicano Patrimonio Dominicano Patrimonio Dominicano Extraviado 23.03.2010 LF1   289.94 D671c, 1987 17351-20 25.06.2020 25.06.2020 Libro y Folleto Colección Patrimonio Dominicano e. 2

Powered by Koha